01475nam a2200349 a 4500001001200000003000800012006001900020007001500039008004100054010001700095020003300112040002100145035002100166050002500187082001400212100002700226245008900253260005900342300002400401504005100425533015200476650005900628650004300687650006900730650005500799650003000854651005200884655002900936710001700965856012600982999001701108ebr10035907CaPaEBRm u cr cn|||||||||980701s1999 njua sb 001 0 eng  z 98034878  z0691027943 (CL : alk. paper) aCaPaEBRcCaPaEBR a(OCoLC)22804382514aHN981.V5bH65 1999eb04a303.62211 aHomer-Dixon, Thomas F.10aEnvironment, scarcity, and violenceh[electronic resource] /cThomas F. Homer-Dixon. aPrinceton, N.J. :bPrinceton University Press,cc1999. axvi, 253 p. :bill. aIncludes bibliographical references and index. aElectronic reproduction.bPalo Alto, Calif. :cebrary,d2013.nAvailable via World Wide Web.nAccess may be limited to ebrary affiliated libraries. 0aViolencexEnvironmental aspectszDeveloping countries. 0aSocial conflictzDeveloping countries. 0aEnvironmental degradationxSocial aspectszDeveloping countries. 0aRenewable natural resourceszDeveloping countries. 0aScarcityxSocial aspects. 0aDeveloping countriesxEnvironmental conditions. 7aElectronic books.2local2 aebrary, Inc.40uhttp://site.ebrary.com/lib/rucke/Doc?id=10035907zAn electronic book accessible through the World Wide Web; click to view c59071d59071